1333 1282 1848 1422 1214 1702 1157 1740 1901 1180 1037 1459 1275 1495 1728 1027 1887 1447 1563 1758 1772 1890 1390 1126 1626 1380 1106 1982 1146 1013 1334 1936 1352 1955 1253 1692 1171 1955 1211 1852 1388 1500 1071 1877 1957 1092 1932 1511 1412 1198 1177 1690 1471 1911 1725 1519 1995 1607 1500 1284 1373 1748 1405 1589 1725 1481 1677 1251 1815 1830 1924 1653 1367 1984 1743 1324 1644 1421 1332 1865 1797 1959 1517 1620 1371 1872 1798 1212 1784 1031 1462 1643 1429 1154 1074 1818 1366 1344 1987 BCNSPRNW ULIB Ver.6.0+V

เปลี่ยนเป็นภาษาไทย

Change to English
 แสดงรายละเอียดบรรณานุกรม
  กลับหน้าหลัก

Brief Record : Get Marc (ISO 2709) : E-mail record : QR code < ปิดหน้าต่าง
LEADER : 00000nam 2200000uu 4500
001    13399114277
003     ULIB
008    120315s||||||||th 000 0 tha d
020    ^a9789741111015
060 04 ^aWT100^bป525
245 00 ^aปัญหาสุขภาพที่พบบ่อยในผู้สูงอายุและการป้องกัน /^cประเสริฐ อัสสันตชัย, บรรณาธิการ
250    ^aพิมพ์ครั้งที่ 2
260    ^aกรุงเทพฯ :^bภาควิชาเวชศาสตร์ป้องกันและสังคมคณะแพทยศาสตร์ศิริราชพยาบาล มหาวิทยาลัยมหิดล,^c2554
300    ^aก-ญ, 490 หน้า :^bภาพประกอบ ;^c30 ซม.
500    ^aหนังสือได้รับรางวัลประเภทดี รางวัลตำราศิริราช-มหิดล ปี2554
650  7 ^aผู้สูงอายุ^xสุขภาพและอนามัย
650  7 ^aผู้สูงอายุ
650  7 ^aรางวัลตำราศิริราช-มหิดล
653    ^aผลงานอาจารย์คณะแพทยศาสตร์ศิริราชพยาบาล
700 0  ^aประเสริฐ อัสสันตชัย,^eบรรณาธิการ
710 2  ^aมหาวิทยาลัยมหิดล. ^bคณะแพทยศาสตร์ศิริราชพยาบาล.^bภาควิชาเวชศาสตร์ป้องกันและสังคม
945    ^p800^l0^i031306
945    ^p800^l0^i031307
945    ^p800^l0^i031308
945    ^p800^l0^i031309
945    ^p800^l0^i031310
945    ^p800^l0^i031311
945    ^p800^l0^i031312
995    ^aเกษร
999    ^aใช้งานได้ทุกระบบ
รายการนี้ยังไม่มีแท็ก
คุณยังไม่ได้ล็อกอิน คุณสามารถมีกิจกรรมร่วมกับเว็บไซต์ได้ แต่ต้องล็อกอินก่อน ::
  ล็อกอิน

รายการสื่อสารสนเทศ

ลำดับที่ ประเภท เลขเรียก/บาร์โค้ด สถานที่ สถานะ
1. วิทยาศาสตร์การแพทย์ และสุขภาพ
หนังสือสำรอง
สถานะ=หนังสือสำรอง
WT100 ป525 ฉ.1 
  Barcode: 031306
ห้องสมุดวิทยาเขตสวรรค์ประชารักษ์
►ส่วนจัดเก็บหนังสือเก่า สปร
บนชั้น
  ขอยืม
2. วิทยาศาสตร์การแพทย์ และสุขภาพ
วิทยาศาสตร์การแพทย์ และสุขภาพ
WT100 ป525 ฉ.2 
  Barcode: 031307
ห้องสมุดวิทยาเขตสวรรค์ประชารักษ์
►ส่วนจัดเก็บหนังสือเก่า สปร
บนชั้น
  ขอยืม
3. วิทยาศาสตร์การแพทย์ และสุขภาพ
วิทยาศาสตร์การแพทย์ และสุขภาพ
WT100 ป525 ฉ.3 
  Barcode: 031308
ห้องสมุดวิทยาเขตสวรรค์ประชารักษ์
►ส่วนจัดเก็บหนังสือเก่า สปร
บนชั้น
  ขอยืม
4. วิทยาศาสตร์การแพทย์ และสุขภาพ
วิทยาศาสตร์การแพทย์ และสุขภาพ
WT100 ป525 ฉ.4 
  Barcode: 031309
ห้องสมุดวิทยาเขตสวรรค์ประชารักษ์
►ส่วนจัดเก็บหนังสือเก่า สปร
บนชั้น
  ขอยืม
5. วิทยาศาสตร์การแพทย์ และสุขภาพ
วิทยาศาสตร์การแพทย์ และสุขภาพ
WT100 ป525 ฉ.5 
  Barcode: 031310
ห้องสมุดวิทยาเขตสวรรค์ประชารักษ์
►ส่วนจัดเก็บหนังสือเก่า สปร
บนชั้น
  ขอยืม
6. วิทยาศาสตร์การแพทย์ และสุขภาพ
วิทยาศาสตร์การแพทย์ และสุขภาพ
WT100 ป525 ฉ.6 
  Barcode: 031311
ห้องสมุดวิทยาเขตสวรรค์ประชารักษ์
►ส่วนจัดเก็บหนังสือเก่า สปร
บนชั้น
  ขอยืม

รายการใกล้เคียง
    หัวเรื่อง [ผู้สูงอายุ]
    หัวเรื่อง [รางวัลตำราศิริราช-มหิดล]

BibComment


ยังไม่เคยถูกคอมเมนท์

คอมเมนท์ทรัพยากรรายการนี้
  คอมเมนท์: ปัญหาสุขภาพที่พบ..


 Copyright 2026. Bcnsprnw @Library